[Event "Paul Keres mem. (42nd)"]
[Site "Richmond CAN"]
[Date "2017.05.22"]
[Round "6.3"]
[White "Fratila, Adela"]
[Black "Valencia, Belsar"]
[Result "1/2-1/2"]
[WhiteElo "2123"]
[BlackElo "2378"]
[WhiteFideId "-1"]
[WhiteFideId "-1"]
[PlyCount "99"]
[GameId "2160767908411445"]
[EventDate "2017.05.20"]
[EventType "swiss"]
[EventRounds "6"]
[EventCountry "CAN"]
[SourceTitle "10 Days #408"]
[Source "Chess Mix"]
[SourceDate "2014.08.01"]

1. Nf3 Nf6 2. c4 g6 3. b4 Bg7 4. Bb2 d6 5. d4 c6 6. Nc3 a5 7. b5 O-O 8. a4 Nbd7 9. e3 Re8 10. Be2 Qc7 11. O-O e5 12. Rb1 exd4 13. Nxd4 Nc5 14. Bf3 Bd7 15. Ba3 Rad8 16. Qc2 Re5 17. Rb2 h5 18. Rfb1 Rde8 19. bxc6 bxc6 20. Rb6 Ne6 21. Nce2 Nd8 22. c5 dxc5 23. Bxc5 Nd5 24. Ra6 Nb4 25. Bxb4 axb4 26. Rxb4 Bf8 27. Rb1 Bc5 28. Nb3 Bd6 29. Rc1 Bc8 30. Ra8 Bb7 31. Ra7 Qb6 32. Rxb7 Nxb7 33. Nbd4 Rc5 34. Qd2 Rxc1+ 35. Nxc1 Bb4 36. Qb2 c5 37. Nc6 Na5 38. Ne5 Qf6 39. Ncd3 c4 40. Bd5 cxd3 41. Bxf7+ Kg7 42. Bxe8 d2 43. Qb1 Qxe5 44. Qxg6+ Kh8 45. Qh6+ Kg8 46. Qg6+ Kh8 47. Qxh5+ Qxh5 48. Bxh5 Nc4 49. Bd1 Nb2 50. Bc2 1/2-1/2

[Event "Paul Keres mem. (42nd)"]
[Site "Richmond CAN"]
[Date "2017.05.22"]
[Round "6.4"]
[White "Patterson, Roger"]
[Black "Nyamdorj, Davaa-Ochir"]
[Result "1/2-1/2"]
[WhiteElo "2149"]
[BlackElo "2204"]
[WhiteFideId "-1"]
[WhiteFideId "-1"]
[PlyCount "72"]
[GameId "2160767908411446"]
[EventDate "2017.05.20"]
[EventType "swiss"]
[EventRounds "6"]
[EventCountry "CAN"]
[SourceTitle "10 Days #408"]
[Source "Chess Mix"]
[SourceDate "2014.08.01"]

1. c4 e6 2. Nf3 d5 3. b3 Nf6 4. g3 Bd6 5. Bb2 O-O 6. Bg2 Nbd7 7. d4 c6 8. Nbd2 b6 9. O-O Bb7 10. Qc2 Rc8 11. e4 Nxe4 12. Nxe4 dxe4 13. Qxe4 Nf6 14. Qe2 c5 15. dxc5 Bxc5 16. Rad1 Qe7 17. Ne5 Bxg2 18. Kxg2 Qb7+ 19. f3 a6 20. Rd3 b5 21. Rfd1 bxc4 22. Nxc4 Qb5 23. Qe5 Be7 24. Nd6 Rc2+ 25. R3d2 Qd3 26. Ne4 Rd8 27. g4 Bf8 28. Nxf6+ gxf6 29. Qxf6 Rxd2+ 30. Kh3 Rxb2 31. Rxd3 Rxd3 32. Qxb2 Rxf3+ 33. Kg2 Rd3 34. Qe2 Rd6 35. b4 Rd4 36. a3 Rd6 1/2-1/2

[Event "Paul Keres mem. (42nd)"]
[Site "Richmond CAN"]
[Date "2017.05.22"]
[Round "6.5"]
[White "Hui, Jeremy"]
[Black "Wu, Howard"]
[Result "0-1"]
[WhiteElo "2084"]
[BlackElo "2149"]
[WhiteFideId "-1"]
[WhiteFideId "-1"]
[PlyCount "84"]
[GameId "2160767908411447"]
[EventDate "2017.05.20"]
[EventType "swiss"]
[EventRounds "6"]
[EventCountry "CAN"]
[SourceTitle "10 Days #408"]
[Source "Chess Mix"]
[SourceDate "2014.08.01"]

1. e4 c5 2. Nf3 g6 3. c3 Bg7 4. d4 cxd4 5. cxd4 d6 6. Nc3 Nf6 7. Be2 O-O 8. O-O Nc6 9. b3 Bg4 10. Bb2 Rc8 11. Qd2 Qa5 12. Rac1 Nd7 13. d5 Nce5 14. Nxe5 Nxe5 15. Bxg4 Nxg4 16. Qe2 Nxh2 17. Kxh2 Bxc3 18. Bxc3 Rxc3 19. f3 Rfc8 20. Qd2 Qc5 21. Qxc3 Qxc3 22. Rxc3 Rxc3 23. Rf2 Kg7 24. Kg3 Kf6 25. Kf4 h5 26. Re2 b5 27. Rd2 g5+ 28. Kg3 b4 29. Re2 Ke5 30. Rd2 a5 31. Kf2 g4 32. Kg3 f6 33. Rf2 Kd4 34. Kf4 gxf3 35. gxf3 Kd3 36. Rh2 Rc2 37. Rxh5 Rxa2 38. Kf5 a4 39. bxa4 b3 40. Rh1 b2 41. Rb1 Kc2 42. Rxb2+ Rxb2 0-1

[Event "Paul Keres mem. (42nd)"]
[Site "Richmond CAN"]
[Date "2017.05.22"]
[Round "6.6"]
[White "James, Rowan"]
[Black "Pechisker, Alfred"]
[Result "1/2-1/2"]
[WhiteElo "1840"]
[BlackElo "2262"]
[WhiteFideId "-1"]
[WhiteFideId "-1"]
[PlyCount "120"]
[GameId "2160767908411448"]
[EventDate "2017.05.20"]
[EventType "swiss"]
[EventRounds "6"]
[EventCountry "CAN"]
[SourceTitle "10 Days #408"]
[Source "Chess Mix"]
[SourceDate "2014.08.01"]

1. e4 c5 2. c3 d5 3. exd5 Qxd5 4. d4 Nc6 5. Nf3 Bg4 6. Be2 e6 7. h3 Bh5 8. O-O Nf6 9. Re1 Be7 10. Be3 cxd4 11. cxd4 O-O 12. Nc3 Qd6 13. Qb3 Nb4 14. Rac1 Nbd5 15. Nxd5 Nxd5 16. Ne5 Bxe2 17. Rxe2 Qa6 18. Rec2 Rfd8 19. a3 Bf6 20. Rc4 b6 21. Nc6 Rd7 22. Nb4 Nxb4 23. Qxb4 Rad8 24. Qc3 h6 25. Rc8 Qb5 26. b4 Qd5 27. Qc6 Qxc6 28. R1xc6 Bxd4 29. Rxd8+ Rxd8 30. Bxd4 Rxd4 31. Rc8+ Kh7 32. Rc7 a5 33. bxa5 bxa5 34. Rxf7 Rd1+ 35. Kh2 Rd3 36. a4 Rd4 37. Re7 Kg6 38. Rxe6+ Kf5 39. Re1 Rxa4 40. g4+ Kf6 41. Kg3 Ra3+ 42. f3 a4 43. h4 Rb3 44. Re4 a3 45. Ra4 Ke5 46. g5 h5 47. Ra7 Kd4 48. Rxg7 Kc3 49. Ra7 Kb2 50. g6 a2 51. Rxa2+ Kxa2 52. Kf4 Kb2 53. Kg5 Rxf3 54. Kxh5 Rg3 55. Kh6 Kc3 56. g7 Kd4 57. Kh7 Rh3 58. h5 Rxh5+ 59. Kg6 Rh1 60. g8=Q Rg1+ 1/2-1/2

[Event "Paul Keres mem. (42nd)"]
[Site "Richmond CAN"]
[Date "2017.05.22"]
[Round "6.7"]
[White "Gornall, Kirk"]
[Black "Richardson, Kai"]
[Result "1-0"]
[WhiteElo "2090"]
[BlackElo "2073"]
[WhiteFideId "-1"]
[WhiteFideId "-1"]
[PlyCount "73"]
[GameId "2160767908411449"]
[EventDate "2017.05.20"]
[EventType "swiss"]
[EventRounds "6"]
[EventCountry "CAN"]
[SourceTitle "10 Days #408"]
[Source "Chess Mix"]
[SourceDate "2014.08.01"]

1. d4 d5 2. Nc3 Nf6 3. Bg5 e6 4. Nf3 Be7 5. Bxf6 Bxf6 6. e4 dxe4 7. Nxe4 O-O 8. Bc4 b6 9. Qe2 Bb7 10. O-O-O c6 11. Ne5 a5 12. Qg4 Qe7 13. Rhe1 c5 14. f4 Nc6 15. Nxf6+ Qxf6 16. Nd7 Qh6 17. Nxf8 Rxf8 18. dxc5 bxc5 19. c3 a4 20. Qg5 Qxg5 21. fxg5 Na5 22. Bb5 a3 23. b4 cxb4 24. cxb4 Rc8+ 25. Kb1 Nc6 26. Bxc6 Bxc6 27. Rc1 h6 28. gxh6 gxh6 29. b5 Bb7 30. Rxc8+ Bxc8 31. Re3 Kf8 32. Rc3 Bb7 33. b6 Bxg2 34. Rc7 e5 35. b7 Bxb7 36. Rxb7 e4 37. Kc2 1-0

[Event "Paul Keres mem. (42nd)"]
[Site "Richmond CAN"]
[Date "2017.05.22"]
[Round "6.8"]
[White "Su, Michael"]
[Black "Li, James"]
[Result "1-0"]
[WhiteElo "1908"]
[BlackElo "2062"]
[WhiteFideId "-1"]
[WhiteFideId "-1"]
[PlyCount "85"]
[GameId "2160767908411450"]
[EventDate "2017.05.20"]
[EventType "swiss"]
[EventRounds "6"]
[EventCountry "CAN"]
[SourceTitle "10 Days #408"]
[Source "Chess Mix"]
[SourceDate "2014.08.01"]

1. d4 Nf6 2. c4 e6 3. Nc3 Bb4 4. e3 c5 5. Nge2 O-O 6. a3 Bxc3+ 7. Nxc3 cxd4 8. exd4 d5 9. c5 Nc6 10. Bf4 a6 11. Be2 Re8 12. Bd6 b5 13. O-O Bb7 14. Bf3 Ne7 15. Re1 Nf5 16. Bf4 Rc8 17. b4 Bc6 18. a4 Ra8 19. axb5 axb5 20. Qd3 Qd7 21. Be2 Red8 22. g4 Ne7 23. f3 Ng6 24. Bg3 e5 25. dxe5 d4 26. Nxb5 Nd5 27. Rxa8 Rxa8 28. Qxd4 Ra4 29. Rb1 Nge7 30. Nd6 Qa7 31. Bd1 Ra3 32. b5 Bd7 33. Qc4 Be6 34. Qc2 Rc3 35. b6 Qb8 36. Qf2 Nc6 37. f4 Ncb4 38. f5 Bd7 39. e6 fxe6 40. Ne4 Rxg3+ 41. Qxg3 Qb7 42. fxe6 Bxe6 43. Qd6 1-0

[Event "Paul Keres mem. (42nd)"]
[Site "Richmond CAN"]
[Date "2017.05.22"]
[Round "6.10"]
[White "Soliven, Joe"]
[Black "North, Robert"]
[Result "0-1"]
[WhiteElo "2041"]
[BlackElo "2056"]
[WhiteFideId "-1"]
[WhiteFideId "-1"]
[PlyCount "68"]
[GameId "2160767908411451"]
[EventDate "2017.05.20"]
[EventType "swiss"]
[EventRounds "6"]
[EventCountry "CAN"]
[SourceTitle "10 Days #408"]
[Source "Chess Mix"]
[SourceDate "2014.08.01"]

1. c4 c5 2. e4 Nc6 3. Ne2 g6 4. Nbc3 Bg7 5. g3 a6 6. Bg2 e6 7. d3 Nge7 8. Be3 Nd4 9. Bxd4 cxd4 10. Nb1 e5 11. Qa4 O-O 12. O-O d6 13. b4 Bd7 14. Qb3 b5 15. Nd2 Bh6 16. f4 Rb8 17. Nf3 Nc6 18. a3 Qb6 19. Rfc1 Be6 20. Kh1 a5 21. Nd2 axb4 22. Rab1 bxc4 23. Nxc4 Qa6 24. Ra1 Na5 25. Qa4 Bxc4 26. Rxc4 b3 27. Rb1 b2 28. Bf1 Rb3 29. Ng1 exf4 30. Nf3 fxg3 31. Nxd4 Rb6 32. Rb4 Bc1 33. hxg3 Ra8 34. Kg2 Qb7 0-1

[Event "Paul Keres mem. (42nd) U2000"]
[Site "Richmond CAN"]
[Date "2017.05.22"]
[Round "6.25"]
[White "Lapenna, Richard"]
[Black "Ganjian, Enayat"]
[Result "1-0"]
[WhiteElo "1722"]
[BlackElo "1738"]
[WhiteFideId "-1"]
[WhiteFideId "-1"]
[PlyCount "63"]
[GameId "2160767908411452"]
[EventDate "2017.05.20"]
[EventType "swiss"]
[EventRounds "6"]
[EventCountry "CAN"]

1. e4 c5 2. Nf3 d6 3. d4 cxd4 4. Nxd4 Nf6 5. Nc3 a6 6. Be3 e6 7. g4 e5 8. Nf5 g6 9. g5 gxf5 10. exf5 d5 11. Qf3 Ne4 12. Nxe4 dxe4 13. Qxe4 Nc6 14. Bc4 Qd7 15. g6 Qxf5 16. gxf7+ Kd8 17. Bb6+ Ke7 18. Qh4+ Kd6 19. O-O-O+ Nd4 20. Rxd4+ exd4 21. Qd8+ Bd7 22. Qc7+ Ke7 23. Re1+ Kf6 24. Bxd4+ Kg6 25. Rg1+ Qg4 26. Bd3+ Kh5 27. Rxg4 Bxg4 28. Qe5+ Kh4 29. Qf6+ Kh3 30. Bf1+ Kxh2 31. Qh4+ Kg1 32. f3+ 1-0

[Event "Paul Morphy"]
[Site "Trois-Rivieres CAN"]
[Date "2017.11.06"]
[Round "1"]
[White "Michaud, Claude"]
[Black "Lemyre, Jasmin"]
[Result "0-1"]
[WhiteElo "1090"]
[BlackElo "1278"]
[WhiteFideId "-1"]
[WhiteFideId "-1"]
[PlyCount "68"]
[GameId "2160767908317367"]
[EventDate "2017.11.06"]
[EventType "swiss"]
[EventRounds "6"]
[EventCountry "CAN"]

1. e4 c5 2. Bc4 e6 3. Nf3 a6 4. a3 b5 5. Ba2 Bb7 6. d3 Be7 7. Be3 Nf6 8. Nbd2 O-O 9. O-O d5 10. e5 Nfd7 11. d4 cxd4 12. Bxd4 Nc6 13. Nb3 Nxd4 14. Nbxd4 Rc8 15. c3 Qc7 16. Re1 f6 17. Nxe6 Qc6 18. Bxd5 Qxd5 19. Nxf8 Rxf8 20. e6 Ne5 21. Re3 Qxe6 22. Qe2 Bc5 23. Nd4 Qd5 24. f3 Bxd4 25. Rd1 Bxe3+ 26. Kh1 Qc5 27. b4 Qxc3 28. f4 Bxf4 29. Kg1 Qe3+ 30. Kf1 Qxe2+ 31. Kxe2 Bxh2 32. Rh1 Re8 33. Kf2 Nd3+ 34. Kf1 Re1# 0-1

[Event "Paul Morphy"]
[Site "Trois-Rivieres CAN"]
[Date "2017.11.13"]
[Round "2"]
[White "Lemyre, Jasmin"]
[Black "Morlin, Luc"]
[Result "1-0"]
[WhiteElo "1285"]
[BlackElo "1098"]
[WhiteFideId "-1"]
[WhiteFideId "-1"]
[PlyCount "39"]
[GameId "2160767908317368"]
[EventDate "2017.11.06"]
[EventType "swiss"]
[EventRounds "6"]
[EventCountry "CAN"]

1. e4 c5 2. Nf3 b6 3. d4 cxd4 4. Nxd4 e5 5. Nf5 Bb7 6. Nc3 Bb4 7. Nd6+ Bxd6 8. Qxd6 Qe7 9. Qc7 Bc6 10. Qc8+ Qd8 11. Qxd8+ Kxd8 12. Bc4 f5 13. Bd5 fxe4 14. Bxe4 Bxe4 15. Nxe4 d5 16. Bg5+ Kd7 17. O-O-O Ke6 18. Nc3 h6 19. Nxd5 Kd7 20. Nxb6+ 1-0

[Event "Paul Morphy"]
[Site "Trois-Rivieres CAN"]
[Date "2017.11.20"]
[Round "3"]
[White "Plouffe, Michel"]
[Black "Lemyre, Jasmin"]
[Result "0-1"]
[WhiteElo "942"]
[BlackElo "1285"]
[WhiteFideId "-1"]
[WhiteFideId "-1"]
[PlyCount "50"]
[GameId "2160767908317369"]
[EventDate "2017.11.06"]
[EventType "swiss"]
[EventRounds "6"]
[EventCountry "CAN"]

1. d4 Nf6 2. Bf4 d5 3. Nf3 e6 4. e3 c5 5. c3 c4 6. b3 b5 7. b4 Bd6 8. Ne5 a5 9. a3 axb4 10. cxb4 Bxb4+ 11. Nd2 Rxa3 12. Rxa3 Bxa3 13. Be2 O-O 14. O-O Bb7 15. Bg5 Be7 16. Nb1 Nc6 17. f4 b4 18. Qa4 Qa5 19. Bd1 b3 20. Qxa5 Nxa5 21. Nc3 Bb4 22. Na4 Ne4 23. Bg4 Bd2 24. Rf3 c3 25. f5 c2 0-1

[Event "Paul Morphy"]
[Site "Trois-Rivieres CAN"]
[Date "2017.11.27"]
[Round "4"]
[White "Lemyre, Jasmin"]
[Black "Bonin, Guy"]
[Result "1-0"]
[WhiteElo "1285"]
[BlackElo "1371"]
[WhiteFideId "-1"]
[WhiteFideId "-1"]
[PlyCount "75"]
[GameId "2160767908317370"]
[EventDate "2017.11.06"]
[EventType "swiss"]
[EventRounds "6"]
[EventCountry "CAN"]

1. e4 c6 2. d4 d5 3. e5 Na6 4. Bxa6 bxa6 5. Ne2 Bf5 6. c3 e6 7. Ng3 Bg6 8. Qa4 Qc8 9. Nd2 Ne7 10. Nb3 Bc2 11. Kd2 Bxb3 12. axb3 Nf5 13. Qxa6 Be7 14. Qxc8+ Rxc8 15. Rxa7 c5 16. Nxf5 exf5 17. dxc5 Bxc5 18. Ra5 O-O 19. f4 Rfd8 20. b4 Bb6 21. Rb5 Rc6 22. Rd1 g6 23. Ke2 d4 24. Be3 d3+ 25. Rxd3 Rb8 26. Rd6 Rxd6 27. exd6 Ba7 28. d7 Rd8 29. Rb7 Bxe3 30. Kxe3 Kf8 31. Kd4 Ke7 32. Kc5 Rxd7 33. Rxd7+ Kxd7 34. b5 Kc7 35. c4 h6 36. b6+ Kb7 37. Kb5 g5 38. c5 1-0

[Event "Paul Morphy"]
[Site "Trois-Rivieres CAN"]
[Date "2017.12.11"]
[Round "6"]
[White "Lemyre, Jasmin"]
[Black "Olivier, Luc"]
[Result "1/2-1/2"]
[WhiteElo "1285"]
[BlackElo "1271"]
[WhiteFideId "-1"]
[WhiteFideId "-1"]
[PlyCount "110"]
[GameId "2160767908317371"]
[EventDate "2017.11.06"]
[EventType "swiss"]
[EventRounds "6"]
[EventCountry "CAN"]

1. e4 e5 2. Nf3 Nc6 3. Bc4 Be7 4. c3 Nf6 5. Ng5 O-O 6. d3 h6 7. Nf3 d6 8. Nbd2 Bg4 9. h3 Bh5 10. O-O Na5 11. Bb5 a6 12. Ba4 b5 13. Bc2 c5 14. Qe1 Nc6 15. Nh4 Bg6 16. Bb3 Kh8 17. a4 Nh5 18. axb5 axb5 19. Rxa8 Qxa8 20. Nxg6+ fxg6 21. Bd5 Qc8 22. Bxc6 Qxc6 23. Nf3 Nf4 24. Qd1 g5 25. Nh2 Qe8 26. d4 cxd4 27. cxd4 exd4 28. Bxf4 Rxf4 29. Qxd4 Rf8 30. Ng4 Kh7 31. Ne3 Qc6 32. Nf5 Bf6 33. Qxd6 Qxd6 34. Nxd6 Bxb2 35. Nxb5 Be5 36. Na3 Bd4 37. Nc2 Bc5 38. g3 Re8 39. Re1 Rf8 40. Re2 h5 41. Kg2 g4 42. hxg4 hxg4 43. Ne3 Bxe3 44. Rxe3 g5 45. Kf1 Rf3 46. Ke2 Rf7 47. e5 Kg6 48. Re4 Kf5 49. e6 Re7 50. Ke3 Rxe6 51. Rxe6 Kxe6 52. Ke4 Kf6 53. Kd5 Kf5 54. Kd4 Ke6 55. Ke4 Kf6 1/2-1/2

[Event "Pere Noel"]
[Site "Montreal CAN"]
[Date "2017.12.27"]
[Round "1.1"]
[White "Zhong, Kevin"]
[Black "Sambuev, Bator"]
[Result "0-1"]
[WhiteElo "2080"]
[BlackElo "2597"]
[WhiteFideId "-1"]
[WhiteFideId "-1"]
[PlyCount "98"]
[GameId "2160767908283795"]
[EventDate "2017.12.27"]
[EventType "swiss"]
[EventRounds "5"]
[EventCountry "CAN"]
[SourceTitle "hb 2017"]

1. e4 d6 2. d4 Nf6 3. Nc3 e5 4. dxe5 dxe5 5. Qxd8+ Kxd8 6. Bc4 Ke8 7. Nf3 Bd6 8. Bg5 Nbd7 9. O-O-O a6 10. Rhe1 b5 11. Bb3 Bb7 12. Nd5 Nxd5 13. Bxd5 Bxd5 14. Rxd5 h6 15. Be3 Nf6 16. Rdd1 Ng4 17. h3 Nxe3 18. Rxe3 Ke7 19. c4 Ke6 20. Red3 Rhb8 21. Nd2 Rd8 22. Nf3 Rdb8 23. Nd2 Be7 24. Kc2 Rd8 25. Nf3 Rxd3 26. Rxd3 c6 27. Kc3 Rb8 28. Nd2 Bc5 29. f3 Bd4+ 30. Kc2 c5 31. Ra3 Rb6 32. cxb5 axb5 33. Ra7 c4 34. Rc7 g6 35. Nb1 f5 36. Nc3 fxe4 37. fxe4 Kd6 38. Rg7 Kc5 39. Rc7+ Rc6 40. Rxc6+ Kxc6 41. Nd5 Kc5 42. Ne7 Bf2 43. Nc8 Bh4 44. a3 Bd8 45. Kc3 h5 46. Kd2 h4 47. Ke3 Bg5+ 48. Ke2 Bc1 49. Ne7 g5 0-1

[Event "Pere Noel"]
[Site "Montreal CAN"]
[Date "2017.12.27"]
[Round "1.3"]
[White "Gueorguiev, Valentin"]
[Black "Yu, Zong Yang"]
[Result "0-1"]
[WhiteElo "1980"]
[BlackElo "2484"]
[WhiteFideId "-1"]
[WhiteFideId "-1"]
[PlyCount "96"]
[GameId "2160767908283797"]
[EventDate "2017.12.27"]
[EventType "swiss"]
[EventRounds "5"]
[EventCountry "CAN"]
[SourceTitle "hb 2017"]

1. c4 g6 2. g3 Bg7 3. Bg2 Nf6 4. Nf3 d6 5. O-O Nc6 6. b3 a6 7. Bb2 Rb8 8. d4 O-O 9. d5 Na5 10. Nbd2 c5 11. e4 e5 12. dxe6 Bxe6 13. Ng5 Bd7 14. Nh3 Nc6 15. Nf4 Re8 16. Nd5 Nxd5 17. Bxg7 Ne3 18. fxe3 Kxg7 19. Qc2 Qe7 20. Rad1 Bg4 21. Rde1 b5 22. Rf4 Ne5 23. Qc3 Be6 24. Nf3 f6 25. cxb5 Nf7 26. Nd2 axb5 27. Ref1 Ne5 28. Rxf6 Qxf6 29. Rxf6 Kxf6 30. Nf3 Bd7 31. Nxe5 Rxe5 32. Qa5 Ke7 33. Qa7 Rd8 34. Qb7 c4 35. bxc4 bxc4 36. Bf1 Rb5 37. Qa7 Rb1 38. Kg2 c3 39. Qd4 Rf8 40. Bd3 Rb2+ 41. Kg1 Bh3 42. Qa7+ Ke6 43. Bc4+ Kf6 44. e5+ dxe5 45. e4 Rb1+ 46. Kf2 c2 47. Qxh7 Kg5+ 48. Bf7 Rxf7+ 0-1

[Event "Pere Noel"]
[Site "Montreal CAN"]
[Date "2017.12.27"]
[Round "1.5"]
[White "Chang, Alexander"]
[Black "Milicevic, Goran"]
[Result "0-1"]
[WhiteElo "1953"]
[BlackElo "2340"]
[WhiteFideId "-1"]
[WhiteFideId "-1"]
[PlyCount "82"]
[GameId "2160767908283799"]
[EventDate "2017.12.27"]
[EventType "swiss"]
[EventRounds "5"]
[EventCountry "CAN"]
[SourceTitle "hb 2017"]

1. e4 e6 2. d4 d5 3. exd5 exd5 4. Bd3 c6 5. Bf4 Bd6 6. Bxd6 Qxd6 7. c3 Nf6 8. Nf3 O-O 9. O-O Bg4 10. Nbd2 Nbd7 11. Qc2 Rfe8 12. Rfe1 Bxf3 13. Nxf3 g6 14. b3 Kg7 15. c4 Qf4 16. Qd2 Rxe1+ 17. Rxe1 Qxd2 18. Nxd2 a5 19. Nf3 a4 20. Ne5 axb3 21. axb3 Ra3 22. Rb1 Nxe5 23. dxe5 Nd7 24. cxd5 cxd5 25. f4 Nc5 26. Bc2 Ra2 27. Bd1 Ne6 28. g3 Nd4 29. b4 Rd2 30. Kh1 h5 31. h3 Nf5 32. g4 Ne3 33. Bb3 hxg4 34. hxg4 Nxg4 35. Rc1 Nf2+ 36. Kg1 Nh3+ 37. Kf1 Nxf4 38. Rc7 Rb2 39. Rc3 g5 40. Ke1 d4 41. Rg3 Re2+ 0-1

[Event "Pere Noel"]
[Site "Montreal CAN"]
[Date "2017.12.27"]
[Round "1.8"]
[White "Leveille, Francois"]
[Black "Jia, Zhe"]
[Result "1-0"]
[WhiteElo "2298"]
[BlackElo "1895"]
[WhiteFideId "-1"]
[WhiteFideId "-1"]
[PlyCount "89"]
[GameId "2160767908283802"]
[EventDate "2017.12.27"]
[EventType "swiss"]
[EventRounds "5"]
[EventCountry "CAN"]
[SourceTitle "hb 2017"]

1. e4 c5 2. Nf3 d6 3. d4 cxd4 4. Nxd4 Nf6 5. Nc3 a6 6. Be3 e5 7. Nb3 Be6 8. f3 Nbd7 9. Qd2 Be7 10. g4 b5 11. O-O-O O-O 12. g5 b4 13. gxf6 bxc3 14. Qxc3 Nxf6 15. Na5 Qd7 16. Nc6 Rfc8 17. Nxe7+ Qxe7 18. Qa5 Ne8 19. Kb1 Qb7 20. Rd2 Qc6 21. Be2 Nc7 22. Qb6 Ne8 23. Qxc6 Rxc6 24. Rc1 Bc4 25. Bxc4 Rxc4 26. c3 f6 27. b3 Rc6 28. c4 Kf7 29. b4 Ke6 30. a4 Rb8 31. Rb2 Rbc8 32. b5 axb5 33. cxb5 Rxc1+ 34. Bxc1 Kd7 35. a5 Nc7 36. a6 Rb8 37. a7 Rb7 38. Be3 Na8 39. Kc2 Kc8 40. Kd3 Rf7 41. Kc4 Rd7 42. b6 Rb7 43. Kb5 Kd7 44. Ka6 Nc7+ 45. Kxb7 1-0

[Event "Pere Noel"]
[Site "Montreal CAN"]
[Date "2017.12.27"]
[Round "1.9"]
[White "Gauthier, Denis"]
[Black "Zhu, Hong Rui"]
[Result "0-1"]
[WhiteElo "1867"]
[BlackElo "2288"]
[WhiteFideId "-1"]
[WhiteFideId "-1"]
[PlyCount "42"]
[GameId "2160767908283803"]
[EventDate "2017.12.27"]
[EventType "swiss"]
[EventRounds "5"]
[EventCountry "CAN"]
[SourceTitle "hb 2017"]

1. d4 d5 2. c4 e6 3. Nc3 c6 4. e4 dxe4 5. Nxe4 Bb4+ 6. Bd2 Qxd4 7. Bxb4 Qxe4+ 8. Ne2 Na6 9. Bf8 Ne7 10. Bxg7 Nb4 11. Bxh8 e5 12. Qd6 Nc2+ 13. Kd2 Nxa1 14. Qd3 Qxd3+ 15. Kxd3 Bf5+ 16. Kc3 O-O-O 17. Bxe5 Rd3+ 18. Kb4 c5+ 19. Kxc5 b6+ 20. Kb5 Kb7 21. Nd4 Bd7+ 0-1

[Event "Pere Noel"]
[Site "Montreal CAN"]
[Date "2017.12.27"]
[Round "1.10"]
[White "Voskanyan, Vahagn"]
[Black "Baran, Marius"]
[Result "1-0"]
[WhiteElo "2263"]
[BlackElo "1864"]
[WhiteFideId "-1"]
[WhiteFideId "-1"]
[PlyCount "61"]
[GameId "2160767908283804"]
[EventDate "2017.12.27"]
[EventType "swiss"]
[EventRounds "5"]
[EventCountry "CAN"]
[SourceTitle "hb 2017"]

1. Nf3 d5 2. d4 Nf6 3. c4 c6 4. Nc3 dxc4 5. a4 Bf5 6. e3 Na6 7. Bxc4 e6 8. O-O Nb4 9. b3 Bd6 10. Qe2 Ne4 11. Bb2 O-O 12. Nxe4 Bxe4 13. Nd2 Bg6 14. e4 Rc8 15. f4 Qh4 16. g3 Qh3 17. Rac1 Rfe8 18. Rc3 Bh5 19. Qf2 Be7 20. Re1 Bg4 21. Bf1 Qh5 22. Nc4 b5 23. Ne5 f6 24. Nxg4 Qxg4 25. axb5 cxb5 26. Bxb5 Rxc3 27. Bxc3 Rc8 28. Qd2 a5 29. Be2 Qg6 30. Bc4 Rc6 31. Bxe6+ 1-0

[Event "Pere Noel"]
[Site "Montreal CAN"]
[Date "2017.12.27"]
[Round "1.11"]
[White "Guipi Bopala, Prince Eric jr"]
[Black "Dougherty, Michael"]
[Result "0-1"]
[WhiteElo "1815"]
[BlackElo "2234"]
[WhiteFideId "-1"]
[WhiteFideId "-1"]
[PlyCount "43"]
[GameId "2160767908283805"]
[EventDate "2017.12.27"]
[EventType "swiss"]
[EventRounds "5"]
[EventCountry "CAN"]
[SourceTitle "EXT 2022"]
[Source "ChessBase"]
[SourceDate "2021.10.06"]
[SourceVersion "1"]
[SourceVersionDate "2021.10.06"]
[SourceQuality "1"]

1. d4 g6 2. e4 Bg7 3. c3 d6 4. Bd3 e5 5. Be3 Nc6 6. Nf3 Nf6 7. h3 O-O 8. O-O Nh5 9. Bc4 Nf4 10. Bb3 g5 11. dxe5 Nxe5 12. Nxe5 Bxe5 13. Bd4 Qf6 14. Bxe5 dxe5 15. f3 Rd8 16. Qc2 a5 17. Re1 Qb6+ 18. Kh2 Rb8 19. g4 Qh6 20. Kg1 Qh4 21. Re3 Nxh3+ 22. Kg2 0-1

[Event "Pere Noel"]
[Site "Montreal CAN"]
[Date "2017.12.27"]
[Round "1.12"]
[White "Luksza, Arkadiusz"]
[Black "Marcone, Malcom"]
[Result "0-1"]
[WhiteElo "2225"]
[BlackElo "1855"]
[WhiteFideId "-1"]
[WhiteFideId "-1"]
[PlyCount "70"]
[GameId "2160767908283806"]
[EventDate "2017.12.27"]
[EventType "swiss"]
[EventRounds "5"]
[EventCountry "CAN"]
[SourceTitle "hb 2017"]

1. d4 e6 2. c4 f5 3. g3 Nf6 4. Bg2 c6 5. Nh3 Be7 6. O-O O-O 7. Nd2 d6 8. Qc2 a5 9. e4 Qb6 10. exf5 Qxd4 11. fxe6 Na6 12. Nf3 Qg4 13. Nf4 Nh5 14. h3 Qf5 15. Qxf5 Rxf5 16. Nd4 Rc5 17. Nxh5 Rxh5 18. Bf4 Bf6 19. g4 Rc5 20. Nb3 Rxc4 21. Bxd6 Bxe6 22. Nxa5 Rc2 23. Nxb7 Bxb2 24. Rab1 Bxa2 25. Rxb2 Rxb2 26. Bxc6 Rc8 27. Bf3 Nc7 28. Re1 Nb5 29. Re2 Nd4 30. Rxb2 Nxf3+ 31. Kg2 Bd5 32. Kg3 g5 33. Rb5 Bc6 34. Rb6 Nd2 35. Na5 Nf1# 0-1

[Event "Pere Noel"]
[Site "Montreal CAN"]
[Date "2017.12.27"]
[Round "1.13"]
[White "Richard, Leo"]
[Black "Robichaud, Louis"]
[Result "0-1"]
[WhiteElo "1836"]
[BlackElo "2178"]
[WhiteFideId "-1"]
[WhiteFideId "-1"]
[PlyCount "106"]
[GameId "2160767908283807"]
[EventDate "2017.12.27"]
[EventType "swiss"]
[EventRounds "5"]
[EventCountry "CAN"]
[SourceTitle "hb 2017"]

1. Nf3 Nf6 2. g3 g6 3. Bg2 Bg7 4. O-O O-O 5. c4 d6 6. Nc3 e5 7. d3 Nc6 8. h3 Re8 9. e4 Nd7 10. Nd5 Nc5 11. Be3 Ne6 12. Qd2 Ncd4 13. b4 Nxf3+ 14. Bxf3 c6 15. Nc3 Qf6 16. Bg2 Nf4 17. gxf4 exf4 18. Bxf4 Qxc3 19. Qxc3 Bxc3 20. Rab1 Be5 21. Bxe5 dxe5 22. f4 exf4 23. Rxf4 Be6 24. b5 cxb5 25. Rxb5 b6 26. Rb2 Red8 27. Bf1 Rac8 28. Rbf2 Rc5 29. Rb2 Ra5 30. Kf2 Kf8 31. Ke1 Ke7 32. Rff2 f5 33. Rbe2 Kf6 34. exf5 Bxf5 35. Re3 Ra3 36. Rd2 Rd4 37. Rf3 Ke5 38. Re3+ Kd6 39. Re8 Kc5 40. Re3 Kb4 41. Kf2 Kc3 42. Ke2 Ra5 43. Kd1 h5 44. Rc2+ Kb4 45. Rb2+ Ka3 46. Kc1 Ra4 47. Ree2 Rxd3 48. Rec2 Rf3 49. Bg2 Bxc2 50. Bxf3 Bf5 51. Bd5 Rb4 52. Rxb4 Kxb4 53. Bf7 h4 0-1

[Event "Pere Noel"]
[Site "Montreal CAN"]
[Date "2017.12.27"]
[Round "1.14"]
[White "Bassel, Charaf"]
[Black "Cui, Leonardo"]
[Result "1/2-1/2"]
[WhiteElo "2158"]
[BlackElo "1830"]
[WhiteFideId "-1"]
[WhiteFideId "-1"]
[PlyCount "65"]
[GameId "2160767908283808"]
[EventDate "2017.12.27"]
[EventType "swiss"]
[EventRounds "5"]
[EventCountry "CAN"]
[SourceTitle "hb 2017"]

1. d4 d6 2. e4 e5 3. Nf3 Nd7 4. Bc4 Be7 5. Ng5 Bxg5 6. Qh5 g6 7. Qxg5 Qxg5 8. Bxg5 exd4 9. f4 h6 10. Bh4 Nb6 11. Bd3 f6 12. Bf2 c5 13. e5 f5 14. exd6 Be6 15. b4 cxb4 16. Bxd4 Rh7 17. O-O O-O-O 18. Re1 Bd5 19. Bc5 Nf6 20. Bxb4 Ne4 21. Bxe4 Bxe4 22. c4 Bxb1 23. Rexb1 Nxc4 24. Rc1 b5 25. a4 Kb7 26. axb5 Nxd6 27. Ra6 Rhd7 28. Bxd6 Rxd6 29. Rca1 Rxa6 30. Rxa6 Rd5 31. Ra5 Kb6 32. Ra6+ Kb7 33. Ra5 1/2-1/2